The great danish bake off - Statistics

General Stats
  • This quiz has been taken 6 times
    3 since last reset
  • The average score is 7 of 15
Answer Stats
Hint Answer % Correct
The host now Tim
100%
The winner of 2013 Anne Mette
67%
The winner of 2018 Emil
67%
The winner of 2015 Liv Martine
67%
The funnist person in the dansh great bake of Rosa
67%
The winner of 2016 Sune
67%
The winner of 2017 Andrea
33%
The winner of 2019 Frederikke
33%
Judge now Katrine og Markus
33%
Judge in the first season Mette og Jan
33%
The winner of 2012 Nanna
33%
The hosts in first season Peter
33%
The winner of 2021 Sæpor
33%
The winner of 2014 Tobias
33%
The winner of 2020 Mads
0%
No matching quizzes found
Score Distribution
Percent of People with Each Score
Percentile by Number Answered
Your Score History
You have not taken this quiz since the last reset